Economics / (Record no. 248)

MARC details
000 -LEADER
fixed length control field 02971cam a22003134a 4500
001 - CONTROL NUMBER
control field 13915692
003 - CONTROL NUMBER IDENTIFIER
control field OSt
005 - DATE AND TIME OF LATEST TRANSACTION
control field 20210414113856.0
008 - FIXED-LENGTH DATA ELEMENTS--GENERAL INFORMATION
fixed length control field 050330s2006 mauab b 001 0 eng
010 ## - LIBRARY OF CONGRESS CONTROL NUMBER
LC control number 2005043868
020 ## - INTERNATIONAL STANDARD BOOK NUMBER
International Standard Book Number 007297883X (alk. paper)
040 ## - CATALOGING SOURCE
Original cataloging agency DLC
Transcribing agency DLC
Modifying agency DLC
042 ## - AUTHENTICATION CODE
Authentication code pcc
050 00 - LIBRARY OF CONGRESS CALL NUMBER
Classification number HB171.5.C788
082 00 - DEWEY DECIMAL CLASSIFICATION NUMBER
Classification number 330
Edition number 22
100 1# - MAIN ENTRY--PERSONAL NAME
Personal name Colander, David C.
245 10 - TITLE STATEMENT
Title Economics /
Statement of responsibility, etc. David C. Colander.
250 ## - EDITION STATEMENT
Edition statement 6th ed.
260 ## - PUBLICATION, DISTRIBUTION, ETC.
Place of publication, distribution, etc. Boston :
Name of publisher, distributor, etc. McGraw-Hill/Irwin,
Date of publication, distribution, etc. c2006.
300 ## - PHYSICAL DESCRIPTION
Extent xxxvi, 837 + various pagings :
Other physical details ill. (chiefly col.), col. map ;
Dimensions 27 cm.
500 ## - GENERAL NOTE
General note Includes bibliographical references and index.
505 ## - FORMATTED CONTENTS NOTE
Formatted contents note Contents: Introduction: Thinking like an economist: Economics and economic reasoning -- Trade, trade-offs and government policy -- The Evolving U.S. economy in perspective -- Supply and demand -- Using supply and demand -- Microeconomics: Microeconomics: The Basics -- Taxation and government intervention -- Foundations of supply and demand: The Logic of individual choice: The Foundation of supply and demand -- Production and cost analysis I -- Production and cost analysis II -- Market structure and policy: Perfect competition -- Monopoly -- Monopolistic competition, oligopoly and strategic pricing -- Real world competition and technology -- Antitrust policy and regulation -- Factor markets: Work and the labour market -- Who gets what? The Distribution of income -- Applying economic reason to policy: Government policy and market failures -- Politics and economics: The Case of agricultural markets -- Microeconomic policy, economic reasoning and beyond -- International trade policy, comparative advantage and outsourcing -- Macroeconomics: Macroeconomic problems -- Economic growth, business cycles, unemployment and inflation --- National income accounting -- The Macroeconomic framework: Growth, productivity and the wealth of nations -- Aggregate demand, aggregate supply and modern macroeconomics -- The Multiplier model -- Money, inflation, and monetary policy: Money, banking and the financial sector -- Monetary policy and the debate about macro policy -- Inflation and its relationship to unemployment and growth -- Macro policy in perspective: Aggregate demand policy in perspective -- Macro policies in developing countries -- International policy issues: International financial policy -- Macro policy in a global setting -- Bonus web Chapter: Nonwage and asset income: Rents, profits and interest -- Glossary.
650 #0 - SUBJECT ADDED ENTRY--TOPICAL TERM
Topical term or geographic name entry element Economics.
856 42 - ELECTRONIC LOCATION AND ACCESS
Materials specified Publisher description
Uniform Resource Identifier <a href="http://www.loc.gov/catdir/enhancements/fy0702/2005043868-d.html">http://www.loc.gov/catdir/enhancements/fy0702/2005043868-d.html</a>
856 41 - ELECTRONIC LOCATION AND ACCESS
Materials specified Table of contents only
Uniform Resource Identifier <a href="http://www.loc.gov/catdir/enhancements/fy0702/2005043868-t.html">http://www.loc.gov/catdir/enhancements/fy0702/2005043868-t.html</a>
906 ## - LOCAL DATA ELEMENT F, LDF (RLIN)
a 7
b cbc
c orignew
d 1
e ocip
f 20
g y-gencatlg
942 ## - ADDED ENTRY ELEMENTS (KOHA)
Source of classification or shelving scheme Library of Congress Classification
Koha item type Books
Holdings
Withdrawn status Lost status Source of classification or shelving scheme Damaged status Not for loan Home library Current library Shelving location Date acquired Total Checkouts Full call number Barcode Date last seen Copy number Price effective from Koha item type
    Library of Congress Classification     WISCONSIN INTERNATIONAL UNIVERSITY COLLEGE, GHANA - MAIN LIBRARY WISCONSIN INTERNATIONAL UNIVERSITY COLLEGE, GHANA - MAIN LIBRARY General Stacks 09/11/2011   HB171.5.C788 737/11 09/11/2011 1 09/11/2011 Books
    Library of Congress Classification     WISCONSIN INTERNATIONAL UNIVERSITY COLLEGE, GHANA - MAIN LIBRARY WISCONSIN INTERNATIONAL UNIVERSITY COLLEGE, GHANA - MAIN LIBRARY General Stacks 09/11/2011   HB171.5.C7881 738/11 09/11/2011 2 09/11/2011 Books

If you have any concerns or questions; kindly contact the library


© Powered by WIUC ICT DIRECTORATE